000 00812nab a2200265 4500
003 BR-BrBNA
005 20250729163111.0
008 250729b bl.||||| |||| 00| 0 por d
040 _aBR-BrBNA
_bpor
072 _aF01 ; Q52 ; E70
_b8951
100 _aAraújo, Rute
245 _aO doutor do feno
_bAgronegócios
500 _a6 illus.
650 _aFENO
650 _aGRAMÍNEA
650 _aCULTIVO IRRIGADO
650 _aALIMENTO PARA ANIMAL
650 _aFARDO
650 _aARMAZENAMENTO
650 _aCONSUMO
650 _aCOMERCIALIZAÇÃO
773 0 _01706
_9347983
_dSão Paulo-SP Editora Três Ltda - E-mail: luizfsa@revistadinheiro.com.br 2004
_o2025-0481
_tDinheiro Rural (Brazil)
_x1807-3700
_gv. 7(77) p. 64-66; (Mar 2011)
_wBR2025001926
942 _cANA
999 _c337363
_d337363